Southville International School and Colleges
Your cart is empty.
  • Cart
  • Lists
    Public lists Eva Luna New books Lux_list list_1
    Your lists Log in to create your own lists
  • Log in to your account
  • Your cookies
  • Search history
Southville International School and Colleges
  • Advanced search
  • Recent comments
  • Most popular
  • Libraries

Log in to your account

Log in with GOOGLE


If you do not have an external account, but do have a local account, you can still log in:

  1. Home
  2. MARC view: Red Book :
Normal view MARC view ISBD view

Red Book : (Record no. 21925)

[ view plain ]
MARC details
000 -LEADER
fixed length control field 00660nam a2200217 a 4500
005 - DATE AND TIME OF LATEST TRANSACTION
control field 20140310183345.0
008 - FIXED-LENGTH DATA ELEMENTS--GENERAL INFORMATION
fixed length control field 070205s19uu xx 00 eng d
020 ## - INTERNATIONAL STANDARD BOOK NUMBER
International Standard Book Number 974-9823-37-0
050 ## - LIBRARY OF CONGRESS CALL NUMBER
Classification number RJ 401
Item number .R245 2006
100 ## - MAIN ENTRY--PERSONAL NAME
Personal name Committee on Infectious Diseases American Academy of Pediatrics
245 ## - TITLE STATEMENT
Title Red Book :
Remainder of title 2006 report of the Committee on Infectious Diseases./
250 ## - EDITION STATEMENT
Edition statement 27th ed.
260 ## - PUBLICATION, DISTRIBUTION, ETC. (IMPRINT)
Place of publication, distribution, etc Bangkok :
Name of publisher, distributor, etc iGroup Press Co., Ltd,
Date of publication, distribution, etc 2006.
300 ## - PHYSICAL DESCRIPTION
Extent 992 p. :
Dimensions 23 cm.
521 ## - TARGET AUDIENCE NOTE
Target audience note
650 ## - SUBJECT ADDED ENTRY--TOPICAL TERM
Topical term or geographic name as entry element Communicable Diseases.
650 ## - SUBJECT ADDED ENTRY--TOPICAL TERM
Topical term or geographic name as entry element Bacterial Infections.
650 ## - SUBJECT ADDED ENTRY--TOPICAL TERM
Topical term or geographic name as entry element Virus Diseases.
942 ## - ADDED ENTRY ELEMENTS (KOHA)
Koha item type Books
Source of classification or shelving scheme Library of Congress Classification
Call number prefix Foreign
Holdings
Withdrawn status Lost status Source of classification or shelving scheme Damaged status Home library Current library Shelving location Date acquired Source of acquisition Total Checkouts Full call number Barcode Date last seen Copy number Price effective from Koha item type
    Library of Congress Classification   College Library College Library General Circulation Section 02/05/2007 Donation   RJ 401 .R245 2006 C8184 05/15/2018 1 03/10/2014 Books

Red Book :

APA

Committee on Infectious Diseases American Academy of Pediatrics, . (2006). Red Book. Bangkok: iGroup Press Co., Ltd.

Chicago

Committee on Infectious Diseases American Academy of Pediatrics, . 2006. Red Book. Bangkok: iGroup Press Co., Ltd.

Harvard

Committee on Infectious Diseases American Academy of Pediatrics, . (2006). Red Book. Bangkok: iGroup Press Co., Ltd.

MLA

Committee on Infectious Diseases American Academy of Pediatrics, . Red Book. Bangkok: iGroup Press Co., Ltd. 2006.

  • Place hold
  • Print
  • Cite
  • Add to your cart (remove)
  • Save record
    BIBTEX Dublin Core MARCXML MARC (non-Unicode/MARC-8) MARC (Unicode/UTF-8) MARC (Unicode/UTF-8, Standard) MODS (XML) RIS
  • More searches
    Search for this title in:
    Other Libraries (WorldCat) Other Databases (Google Scholar) Online Stores (Bookfinder.com) Open Library (openlibrary.org)

Exporting to Dublin Core...

SOUTHVILLE LIBRARY

Southville International School and Colleges Library

1281 Tropical Ave. Cor. Luxembourg St., BF Homes International, Las Pinas City

Tel. No. 8256374 / 252358 Loc. 117/146

Powered by Koha